000 00465nam a2200169 a 4500
001 0000-8719
003 ELIB.Books
008 110520 1972
035 _a(ELIB.Books)0000-8865
082 _aR
_bKit
100 _aKittel, Gerhard
245 _aTheological Dictionary of the New Testament. vol-VIII
260 _bGrand Rapids: Wm. B. Eerdmans Publishing Co.
_c1972
650 _aReference
942 _2ddc
_cBK
998 _cbat
_e2011-05-20
999 _c8719
_d8719